Statistics for REM-its the end of the world as we know it lyrics

Click here to take the quiz!

General Stats

  • This quiz has been taken 9 times
  • The average score is 33 of 63

Answer Stats

Answer% Correct
itaraptureburnitsnicefeel
100%
itplaneascrushitsof
100%
ayourgetoffeelworld
88%
abreathingitsautomotiveknowbirthday
88%
ayourselfitournamentthewe
88%
athen,knowthisendworld
88%
itsbaffledknowstependslam
75%
thebutworldandknowthe
75%
thetellforeignasotherknow
75%
worldteamasaitssymbiotic
75%
anhirereverenttoofdivide
63%
andleftyouinknowline
63%
andwasntpatrioticuniformitsBernstein
63%
andcombatrightlockasin
63%
birdsathechurnworldsit
63%
earthquakeandinyourselfthemountains
63%
Greatandtheanditdriftedi
63%
isabrightbloodofLenny
63%
offuriespsychedescalateweBangs
63%
ofservesfinetournamentasit
63%
snakessiterighthimwea
63%
startsdoweclearitsof
63%
startsgovernmentandreturnthecontinentalfine
63%
That'sgameswithslashknowiand
63%
tosaveknowathethe
63%
toneckofaijellybean
63%
withserveandaofas
63%
withforthelistenenddrift
63%
afraidwithfeelingeveryworldand
50%
BruceinfightburningendBrezhnev
50%
downowno'clockliesknowthe
50%
eyetheprettymotiveasLester
50%
fireheartcaughtthefineas
50%
hurricanedowntheincinerateitparty
50%
intodontendithe
50%
lennycomingslambooktheLeonid
50%
listenyourendlightandcheesecake
50%
nocoomonofcavalierasit
50%
nothurrylightlettingtheBruce
50%
youratofyourweits
50%
yourselfteamthecandlefeelboom
50%
aeroplaneshervitriolicaitLeonard
38%
churnbyworldlightfineyou
38%
fearworldfeelaworldknow
38%
gruntpopulationendfearworldknow
38%
needsteathereditssteptheneck
38%
notchuh ohitsmeansofas
38%
owntrumpeditdownofbut
38%
representbleedinworldthewe
38%
servesreporterswemotivethepatriotic
38%
speedoverflowthenothewe
38%
speedlowworldcrushitend
38%
upfineweuh ohthethe
38%
wirelistenhourtheandof
38%
clatteryourselfittournamentendworld
25%
dontcroppedthedownworldright
25%
heightneedsTVitsitend
25%
heightitssixofweits
25%
ladderit'llassteeringitend
25%
misservelookendwatchasright
25%
sevenmetowerwenightit
25%
strengthgrouptherenegadeweits
25%
own
needs
thattheheelknowthe
13%

Score Distribution

Percentile by Number Answered

Percent of People with Each Score

Your Score History

You have not taken this quiz